Light and heavy mesons in a soft-wall holographic model; Proceedings of Science; Vol. 119: Light Cone 2010: Relativistic Hadronic and Particle Physics. Session 4: AdS/CFT overview and applications to strongly interacting systems, June 14-18, 2010
| Parent link: | Proceedings of Science Vol. 119: Light Cone 2010: Relativistic Hadronic and Particle Physics. Session 4: AdS/CFT overview and applications to strongly interacting systems, June 14-18, 2010.— 2010.— [8 p.] |
|---|---|
| Drugi avtorji: | , , , , |
| Izvleček: | Title screen We study the spectrum and decay constants of light and heavy mesons in a soft-wall holographicapproach, using the correspondence of string theory in Anti-de Sitter space and conformal fieldtheory in physical space-time. Режим доступа: по договору с организацией-держателем ресурса |
| Jezik: | angleščina |
| Izdano: |
2010
|
| Teme: | |
| Online dostop: | http://inspirehep.net/record/892879/files/LC2010_030.pdf |
| Format: | Elektronski Book Chapter |
| KOHA link: | https://koha.lib.tpu.ru/cgi-bin/koha/opac-detail.pl?biblionumber=657225 |
MARC
| LEADER | 00000naa0a2200000 4500 | ||
|---|---|---|---|
| 001 | 657225 | ||
| 005 | 20251105143358.0 | ||
| 035 | |a (RuTPU)RU\TPU\network\23727 | ||
| 035 | |a RU\TPU\network\23030 | ||
| 090 | |a 657225 | ||
| 100 | |a 20180119d2010 k||y0engy50 ba | ||
| 101 | 0 | |a eng | |
| 102 | |a GB | ||
| 135 | |a drcn ---uucaa | ||
| 181 | 0 | |a i | |
| 182 | 0 | |a b | |
| 200 | 1 | |a Light and heavy mesons in a soft-wall holographic model |f V. E. Lyubovitskiy (Lyubovitskij) [et al.] | |
| 203 | |a Text |c electronic | ||
| 300 | |a Title screen | ||
| 320 | |a [References: 16 tit.] | ||
| 330 | |a We study the spectrum and decay constants of light and heavy mesons in a soft-wall holographicapproach, using the correspondence of string theory in Anti-de Sitter space and conformal fieldtheory in physical space-time. | ||
| 333 | |a Режим доступа: по договору с организацией-держателем ресурса | ||
| 461 | |t Proceedings of Science | ||
| 463 | |t Vol. 119: Light Cone 2010: Relativistic Hadronic and Particle Physics. Session 4: AdS/CFT overview and applications to strongly interacting systems, June 14-18, 2010 |v [8 p.] |d 2010 | ||
| 610 | 1 | |a электронный ресурс | |
| 610 | 1 | |a труды учёных ТПУ | |
| 610 | 1 | |a голографические модели | |
| 610 | 1 | |a легкие мезоны | |
| 610 | 1 | |a тяжелые мезоны | |
| 701 | 1 | |a Lyubovitskiy (Lyubovitskij) |b V. E. |c physicist |c Professor of Tomsk Polytechnic University, Doctor of physical and mathematical sciences, Professor of the University of Tubingen (Germany) |f 1963- |g Valery Efimovich |3 (RuTPU)RU\TPU\pers\33385 |9 17080 | |
| 701 | 1 | |a Branz |b T. |g Tanja | |
| 701 | 1 | |a Gutsche |b Th. |g Thomas | |
| 701 | 1 | |a Schmidt |b I. |g Ivan | |
| 701 | 1 | |a Vega |b A. |g Alfredo | |
| 801 | 1 | |a RU |b 63413507 |c 20141010 | |
| 801 | 2 | |a RU |b 63413507 |c 20180119 |g RCR | |
| 856 | 4 | |u http://inspirehep.net/record/892879/files/LC2010_030.pdf | |
| 942 | |c CF | ||